12-千葉県の市町村クイズ(1999年) - Statistics

General Stats
  • This quiz has been taken 234 times
  • The average score is 51 of 80
Answers on the Map
Answers color-coded by a green-red scale on the quiz's map according to % correct below.
 
Answer Stats
Answer % Correct
我孫子あびこ
87%
市原いちはら
84%
市川いちかわ
83%
浦安うらやす
83%
野田のだ
83%
千葉ちば
82%
銚子ちょうし
81%
木更津きさらづ
80%
習志野ならしの
80%
船橋ふなばし
80%
松戸まつど
80%
君津きみつ
79%
かしわ
78%
成田なりた
78%
鎌ケ谷かまがや
77%
鴨川かもがわ
77%
流山ながれやま
77%
館山たてやま
76%
あさひ
75%
印西いんざい
75%
鋸南きょなんまち
75%
佐倉さくら
75%
関宿せきやどまち
75%
袖ケ浦そでがうら
75%
富津ふっつ
75%
大網白里おおあみしらさとまち
74%
勝浦かつうら
74%
八千代やちよ
74%
九十九里くじゅうくりまち
73%
四街道よつかいどう
73%
さかえまち
72%
白井しろいまち
72%
茂原もばら
72%
佐原さわら
71%
御宿おんじゅくまち
70%
酒々井しすいまち
70%
夷隅いすみまち
69%
神崎こうざきまち
69%
東庄とうのしょうまち
69%
大多喜おおたきまち
68%
芝山しばやままち
68%
東金とうがね
68%
一宮いちのみやまち
67%
多古たこまち
67%
長南ちょうなんまち
66%
八街やちまた
66%
沼南しょうなんまち
65%
印旛いんばむら
64%
天津小湊あまつこみなとまち
63%
長生ちょうせいむら
61%
睦沢むつざわまち
61%
長柄ながらまち
60%
白子しらこまち
59%
富里とみさとまち
59%
八日市場ようかいちば
59%
大原おおはらまち
57%
成東なるとうまち
56%
ひかりまち
55%
横芝よこしばまち
55%
千倉ちくらまち
54%
小見川おみがわまち
53%
飯岡いいおかまち
52%
本埜もとのむら
48%
下総しもふさまち
47%
白浜しらはままち
46%
山武さんぶまち
45%
富浦とみうらまち
45%
蓮沼はすぬまむら
45%
海上うなかみまち
44%
大栄たいえいまち
42%
和田わだまち
42%
みさきまち
40%
富山とみやままち
39%
松尾まつおまち
39%
栗源くりもとまち
38%
三芳みよしむら
37%
山田やまだまち
37%
干潟ひかたまち
36%
丸山まるやままち
32%
野栄のさかまち
29%
No matching quizzes found
Score Distribution
Percent of People with Each Score
Percentile by Number Answered
Your Score History
You have not taken this quiz